000 00810cam a2200289 4500
001 J3144
008 #DATE n1994 000 0 eng u
035 _a(Sirsi) u114999
041 _aeng
050 _a711.5520212
110 _aUnit for Retail Planning Information
_92742
245 _a1991 key demographics for shopping centres in GB (East Midlands, West Midlands, South West and Wales)
260 _aReading
_bURPI
_c1994
300 _a(8)p.
_c30cm.
350 _a0
490 _aInformation Brief
_v94/7
650 _aDEMOGRAPHY
650 _aEAST MIDLANDS
650 _aGREATER LONDON
650 _aPOPULATION STATISTICS
650 _aSHOPPING CENTRES
650 _aSOUTH WEST
650 _aWALES
650 _aWEST MIDLANDS
690 _aPROPERTY-PROPERTY DEVELOPMENT
942 _n0
999 _c101688
_d101688